01273nam a2200241Ia 4500001000600000003000900006008004100015040001300056040001300069041001300082100001900095100002900114245003000143245003000173250001100203260001000214260001400224260004900238300005700287500063100344650002500975650003101000B0846IT-RoPAU130308s9999 xx 000 0 und d aIT-RoPAU cIT-RoPAU aFRANCESE aMounin Georges gCodice Aut. SPICS: 3498 aSept poetes et le langage bSept Poetes et le Langage a1a ed. aPARIS bGallimard c1992 [1° Ed.:1992 - Ed.Ling.Originale:1992] a"188 p. (prefazione: no ; testo: 188 [pagine: 0-0])" aSette Poeti e Il Linguaggio. Analisi di Opere Difficili di Poeti moderni Econtemporanei. Intuizione dei Poeti e Sapere dei Cercatori. Mallarme' e Illinguaggio. Contraddizioni Estetiche di Paul Valery. surrealismo e Linguaggio. Linguaggio Come Soggetto nella Letteratura del Xx Secolo. Parole Vietate di Paul Eluard. Francis Ponge e Il Linguaggio. Rene' Char e Il Linguaggio. Victor Hugo e Il Linguaggio. Lettura Applicata del Poema Envoutement a la Renardiere di Rene' Char. Perche' si Devono Spiegare certi Poemi. Letterasu Wittgenstein e la Poesia. Lugo e Pertinenza della Storia Letteraria in una Scienza della Letteratura. aSAGGI DI LINGUISTICA eCodice materia Spics: 3207